The peloponnesian war a military study

Saved in:
Bibliographic Details
Main Author: Lazenby
Format: Book
Published: London New York Routledge 2004
Series:Warfare and history
Subjects:
Tags: Add Tag
No Tags, Be the first to tag this record!
Call Number :DF229.2 .L38 2004

MARC

LEADER 00000pam a2200000 4500
001 23669
003 MY-KLNDU
005 20241218081302.0
020 0 0 |a 9780415326155 
020 0 0 |a 041532615X 
035 |a 0000033884 
039 9 |a 200911181334  |b VLOAD  |c 200911181146  |d VLOAD  |y 200910091728  |z VLOAD 
090 0 0 |a DF229.2  |b .L38 2004 
100 1 0 |a Lazenby  |h J.F. 
245 1 4 |a The peloponnesian war  |b a military study  |c J.F. Lazenby 
260 0 0 |a London  |a New York  |b Routledge  |c 2004 
300 |a xvii, 306p.  |b maps  |c 24cm 
440 0 0 |a Warfare and history 
504 0 0 |a Includes bibliographical references and index 
591 |a 0000004611  |b 18/09/08  |c 0202-07  |d 1  |e RM423  |f 1  |g 423  |h Pustaka Darul Warisan Sdn. Bhd. 
592 |a 00002103  |b 13/11/08  |c RM444  |d 1  |e 444 
651 0 0 |a Greece  |x History  |y Peloponnesian War, 431-404 B.C.  |x Campaigns 
999 |a vtls000033268  |c 23669  |d 23669